000 00577nam a2200217Ia 4500
003 IT-RoPAU
008 120407s9999 xx 000 0 und d
040 _aIT-RoPAU
040 _cIT-RoPAU
041 _aita
100 _aFerdinando Lambruschini
245 _aVerso una nuova morale nella Chiesa? 2 voll.
250 _aBrescia
260 _aQueriniana
260 _c1967
300 _c21 cm
490 _v1
600 _a"1° v. Orientamenti di principio. 220 p. 2° v. La giustizia nella teologia morale e nella vita cristiana."
942 _cBK
999 _c23955
_d23955